00339nam a2200133Ia 4500008004100000020001500041041001200056082001100068100001700079245006100096260003200157300000900189650000700198221030s9999 xx 000 0 und d a8131808795 aEnglish a105.23 aR. K. Rajput 2aA Text Book of Power System Engineeringcby R. K. Rajput bLaxmi Pub.aNew Delhic2011 a1085 aEE